| 000 | 00573nam a2200241 a 4500 | ||
|---|---|---|---|
| 001 | nice12345678 | ||
| 003 | IN_TiNIC | ||
| 005 | 20260116012701.0 | ||
| 008 | 050524s1979 illa grp 000 0 eng | ||
| 020 |
_a _c25 |
||
| 082 | 0 | 0 |
_a231.3 _bPEC |
| 100 | _aPeck, John | ||
| 245 | _aWhat the Bible Teaches About the Holy Spirit | ||
| 260 |
_aIllinois _bTyndale House _c1979 |
||
| 300 | _a144p | ||
| 500 | _aincludes index and biblioraphy | ||
| 505 | 2 | _aIndex | |
| 650 | _aHoly Spirit | ||
| 700 | 1 | _aPeck, John | |
| 902 | _bSRS | ||
| 942 | _cBK | ||
| 999 |
_c7938 _d7938 |
||